Tropikalisace elektrických zařízení Určeno pro techniky prac. na zakázkách elektr. a stroj. zařízení do tropů ...

Bibliographic Details
Main Authors: Rychtera, Miroslav (Author), Bartáková, Bernarda (Author)
Format: Book
Language:Czech
PhysicalDescription:518, [1] s. [5] barev. mp. 8°
Published: Praha Státní nakladatelství technické literatury 1960
Edition:1. vyd.
Series:Řada elektrotechnické literatury
Subjects:

MARC

LEADER 00000nam a2200000 a 4500
001 vtls001057793
003 SK-MaSNL
005 20260301061627.0
008 240314s1960 xr a 0 cze
035 |a SNK000000600 
040 |a SNK  |b slo  |c SNK  |e AACR2 
041 0 |a cze 
044 |a CZ 
080 |a 620.193.21(213):621.3  |2 2001 
100 1 |a Rychtera, Miroslav  |4 aut  |9 375019 
245 1 0 |a Tropikalisace elektrických zařízení  |b Určeno pro techniky prac. na zakázkách elektr. a stroj. zařízení do tropů ...  |c Miroslav Rychtera, Bernarda Bartáková 
250 |a 1. vyd. 
260 |a Praha  |b Státní nakladatelství technické literatury  |c 1960 
300 |a 518, [1] s.  |b [5] barev. mp.  |c 8° 
490 0 |a Řada elektrotechnické literatury 
650 0 7 |a tropické podnebie  |x elektrické zariadenia  |2 SVKBBPH  |9 375020 
650 0 7 |a elektrické zariadenia  |x vplyv tropického podnebia  |2 SVKBBPH  |9 375021 
700 1 |a Bartáková, Bernarda  |4 aut  |9 276330 
852 |a Štátna vedecká knižnica v Banskej Bystrici 
958 |a RK 
999 |c 617839  |d 619769 
952 |t P60, <04>, [BOOK], {604}  |a SNK  |b SNK  |y VYP  |7 0  |o snkIC 27397  |i snkKIP 9384/60  |0 0  |1 0  |4 0  |d 1995-03-01  |l 0  |r 2004-12-31 00:00:00  |w 2026-02-23